5HLuxD.jpg

KING HENRY VIII SENIOR AND PRIMARY SCHOOL LIBRARY OPAC

Kiffe kiffe demain / (Record no. 48)

000 -LEADER
fixed length control field 01040cam a2200301 a 4500
001 - CONTROL NUMBER
control field vtls001119319
003 - CONTROL NUMBER IDENTIFIER
control field VRT
005 - DATE AND TIME OF LATEST TRANSACTION
control field 20190724135132.0
008 - FIXED-LENGTH DATA ELEMENTS--GENERAL INFORMATION
fixed length control field 081121s2004 fr d 000 1 fre d
020 ## - INTERNATIONAL STANDARD BOOK NUMBER
International Standard Book Number 2253113751 (pbk.) :
020 ## - INTERNATIONAL STANDARD BOOK NUMBER
International Standard Book Number 9782253113751 (pbk.)
035 ## - SYSTEM CONTROL NUMBER
System control number (OCoLC)ocm76890957
040 ## - CATALOGING SOURCE
Original cataloging agency NDD
Language of cataloging eng
Transcribing agency NDD
Modifying agency LNQ
-- YDXCP
-- PAU
042 ## - AUTHENTICATION CODE
Authentication code nbic
042 ## - AUTHENTICATION CODE
Authentication code nbi10008a
082 ## - DEWEY DECIMAL CLASSIFICATION NUMBER
Classification number FIC GUE
100 1# - MAIN ENTRY--PERSONAL NAME
Personal name Guène, Faïza.
Relator term author
245 10 - TITLE STATEMENT
Title Kiffe kiffe demain /
Statement of responsibility, etc. Faïza Guène.
260 ## - PUBLICATION, DISTRIBUTION, ETC.
Place of publication, distribution, etc. Paris :
Name of publisher, distributor, etc. Hachette Litteratures,
Date of publication, distribution, etc. c2004.
300 ## - PHYSICAL DESCRIPTION
Extent 188 p. ;
Dimensions 18 cm.
500 ## - GENERAL NOTE
General note "Le livre de poche 30379"--spine.
520 ## - SUMMARY, ETC.
Summary, etc. Living in Paris, Doria, a 15 year old Muslim girl, describes both the hardships and joys of Arab immigrant life in the infamous Paradise projects.
650 #0 - SUBJECT ADDED ENTRY--TOPICAL TERM
Topical term or geographic name entry element Teenage girls
Geographic subdivision France
-- Paris
Form subdivision Fiction.
650 #0 - SUBJECT ADDED ENTRY--TOPICAL TERM
Topical term or geographic name entry element Diaries
Form subdivision Juvenile fiction.
650 #0 - SUBJECT ADDED ENTRY--TOPICAL TERM
Topical term or geographic name entry element Immigrants
Geographic subdivision France
-- Paris
Form subdivision Juvenile fiction.
650 #0 - SUBJECT ADDED ENTRY--TOPICAL TERM
Topical term or geographic name entry element Moroccans
Geographic subdivision France
-- Paris
Form subdivision Juvenile fiction.
942 ## - ADDED ENTRY ELEMENTS (KOHA)
Source of classification or shelving scheme
Koha item type Books - Fiction
Holdings
Withdrawn status Lost status Source of classification or shelving scheme Damaged status Not for loan Collection code Permanent Location Current Location Shelving location Date acquired Full call number Barcode Date last seen Price effective from Koha item type
          Fiction KH8 Senior School Library KH8 Senior School Library Fiction 2019-07-24 FIC GUE 3KHSL000101097 2024-07-16 2019-07-24 Books - Fiction
          Teaching Resources KH8 Senior School Library KH8 Senior School Library Staff Office 2023-10-30 843.92 GUE TRKHSL004556 2023-10-30 2023-10-30 Teaching Resources
          Teaching Resources KH8 Senior School Library KH8 Senior School Library Staff Office 2023-10-30 843.92 GUE TRKHSL004558 2023-10-30 2023-10-30 Teaching Resources
          Teaching Resources KH8 Senior School Library KH8 Senior School Library Staff Office 2023-10-30 843.92 GUE TRKHSL004560 2023-10-30 2023-10-30 Teaching Resources
          Teaching Resources KH8 Senior School Library KH8 Senior School Library Staff Office 2023-10-30 843.92 GUE TRKHSL004561 2023-10-30 2023-10-30 Teaching Resources
          Teaching Resources KH8 Senior School Library KH8 Senior School Library Staff Office 2023-10-30 843.92 GUE TRKHSL004612 2023-10-30 2023-10-30 Teaching Resources
          Teaching Resources KH8 Senior School Library KH8 Senior School Library Staff Office 2023-10-30 843.92 GUE TRKHSL004613 2023-10-30 2023-10-30 Teaching Resources
          Teaching Resources KH8 Senior School Library KH8 Senior School Library Staff Office 2023-10-30 843.92 GUE TRKHSL004614 2023-10-30 2023-10-30 Teaching Resources
          Teaching Resources KH8 Senior School Library KH8 Senior School Library Staff Office 2023-10-30 843.92 GUE TRKHSL004615 2023-10-30 2023-10-30 Teaching Resources

Powered By KH8 IT Dept